000 00355nam a2200133 4500
999 _c11600
_d11600
003 OSt
005 20230531194133.0
008 230531b ||||| |||| 00| 0 eng d
100 _aJohn friedl
245 _aThe human portait introduction to cultural anthropology
260 _aLibrary of congress cataloging publishing
300 _a368p.;
942 _2ddc